• 首页
  • 本馆介绍
  • 公告通知
  • 最新文献
  • 馆藏检索
  • 电子资源
  • 读者导购
  • 参考咨询
  • 我的图书馆
  • 登录
  • 详细信息显示
  • 放入我的书架
  • 预约/预借图书
  • 作者相关作品
  • 分类相关作品
  • 丛书相关作品
  • 出版社相关作品

书目信息

  • 表格格式
  • 工作单格式
  • 卡片格式
题名:
国务院批转国家经委、国务院体制改革办公室关于实行工业生产经济责任制若干问题的意见通知
    
 
作者:
分册:  
出版信息: 北京   法律出版社  1982
页数: 25页
开本: 19cm
丛书名:
单 册:
中图分类: F423.2
科图分类:
主题词: 工业生产-经济责任制--中国 , 经济责任制-工业生产--中国
电子资源:
ISBN:
000 00812nam0 2200229 45
001 0182003853
005 20060802083321.42
010    @dCNY0.10
091    @aCN@b6004.515
100    @a19950624d1982 em y0chiy0121 ea
101 0  @achi
102    @aCN@b110000
105    @ay z 000yy
200 10 @a国务院批转国家经委、国务院体制改革办公室关于实行工业生产经济责任制若干问题的意见通知@Aguo wu yuan pi zhuan guo jia jing wei、 guo wu yuan ti zhi gai ge ban gong shi guan yu shi xing gong ye sheng chan jing ji ze ren zhi ruo gan wen ti de yi jian tong zhi
210    @a北京@c法律出版社@d1982
215    @a25页@d19cm
606    @a工业生产-经济责任制@y中国
606    @a经济责任制-工业生产@y中国
690    @aF423.2@v3
801  0 @aCN@bTSSF@c20060802
801  2 @aCN@bNLC@c20060802
905    @a10447@dF423.2@e57
    
    国务院批转国家经委、国务院体制改革办公室关于实行工业生产经济责任制若干问题的意见通知.-北京:法律出版社,1982
    25页;19cm
    
    
    ISBN :CNY0.10
    
●
相关链接 在E读中查询图书 在五车中查询图书 在当当中查询图书 在豆瓣中查询图书


正题名:国务院批转国家经委、国务院体制改革办公室关于实行工业生产经济责任制若干问题的意见通知     索取号:F423.2/57         预约/预借

序号 登录号 条形码 馆藏地/架位号 状态 备注
1 0441601   204416015   密集书库/ [索取号:F423.2/57] 在馆    
2 0441606   204416060   密集书库/ [索取号:F423.2/57] 在馆    
3 0441607   204416079   密集书库/ [索取号:F423.2/57] 在馆    
唐山师范学院图书馆 欢迎您!
大连网信软件有限公司© 版权所有